01013nam a22002537a 4500003000500000005001700005008004100022010001100063011001100074035001100085040000900096100003200105245018400137260004000321500006000361502011800421650002900539650003000568650002800598650001800626700003500644856006400679856001600743CHAP20250522094348.0110307s2011 mx r 00010 spa d a100586 a101558 a112246 cCHAP1 aCárcamo Casiano, Ernesto.10aRespuesta inmunológica de pollos alimentados con diferentes concentraciones de vitamina E y argininah[En línea]c/por Ernesto Cárcamo Casiano y Gregorio Rodríguez Morales aChapingo, Méx. :bEl autor,c2011 aPara ver el contenido del material haga clic en la liga aTesis (Ing. Agr. Esp. en Zootecnia) -- UACH. Departamento de Enseñanza, Investigagión y Servicio en Zootecnia14aEnfermedad de Newcastle.10aInmunología veterinaria14aPollosxAlimentación.14aVitaminas (E)1 aRodríguez Morales, Gregorio. 3Finding aiduhttp://10.13.5.2/tesis/112246.pdfzTeclea aqui a1 n0001269